1962 Border War: (Record no. 186805)

MARC details
000 -LEADER
fixed length control field 00619nam a22001817a 4500
005 - DATE AND TIME OF LATEST TRANSACTION
control field 20220316174834.0
010 ## - LCCN (DPL NO)
LC control number ENG-132011
020 ## - INTERNATIONAL STANDARD BOOK NUMBER
International Standard Book Number 9789353885281
Terms of availability 1295.00
035 ## - SYSTEM CONTROL NUMBER
System control number EN-115543
037 ## - SOURCE OF ACQUISITION
Source of stock number/acquisition DBAD
082 ## - DEWEY DECIMAL CLASSIFICATION NUMBER
Classification number 954.042
100 ## - MAIN ENTRY--PERSONAL NAME
Personal name Vengasseri, Ismail
245 ## - TITLE STATEMENT
Title 1962 Border War:
Remainder of title Sino-Indian Territorial Disputes And Beyond/
Statement of responsibility, etc Ismail Vengasseri
260 ## - PUBLICATION, DISTRIBUTION, ETC. (IMPRINT)
Place of publication, distribution, etc New Delhi
Name of publisher, distributor, etc Sage Publications India Pvt. Ltd
Date of publication, distribution, etc 2021
270 ## - ADDRESS
City New Delhi
Address B-I/I-I, Mohan Cooperative Industrial Area, Mathura Road
Postal code 110044
300 ## - PHYSICAL DESCRIPTION
Extent xiii, 275p.
Other physical details Index
Dimensions 22cm(hbk)
942 ## - ADDED ENTRY ELEMENTS (KOHA)
Source of classification or shelving scheme Dewey Decimal Classification
Item type English Books
Classification part 954.042
Call number suffix VEN
Holdings
Withdrawn status Lost status Not for loan Collection code Home library Current library Date acquired Source of acquisition Cost, normal purchase price Full call number Barcode Copy number Cost, replacement price Koha item type
      Non-fiction Central Library Central Library 16/03/2022 DBAD/PUB 1295.00 954.042 VEN EN-115543 1 1295.00 English Books

© Delhi Public Library
Hit Counter
free hit counter